000 00820nas a2200253 4500
001 BR2011007887
003 BR-BrBNA
005 20231205115233.0
007 ta
008 230509b bl.|||p| |||| 00| 00por d
040 _aBR-BrBNA
_bpor
_cBiblioteca Nacional de Agricultura
041 _a(Pt)
072 _aE13
100 1 _aSilveira, R.L.F. da
100 1 _aBarros, G.S. de C.B.
245 1 _aUma análise da alocação de contratos futuros sobre commodities em portfólios diversificados
650 _aCONTRATO
650 _aMÉTODO ESTATÍSTICO
650 _aINVESTIMENTO
650 _aRISCO
773 0 _tRevista Brasileira de Economia e Sociologia Rural (Brazil)
_xISSN 0103-2003
_g(Jan-Mar 2010), v. 48(1) p. 195-222
_wBR2011007887
909 _a202311
_bLúcia
_c55
_dLúcia Elande
942 _2AGRIS
_n0
_cANA
999 _c212765
_d212765